County Seats Of West Virginia - Statistics

General Stats
  • This quiz has been taken 50 times
  • The average score is 28 of 55
Answer Stats
County Seat % Correct
Kanawha Charleston
93%
Monongalia Morgantown
87%
Ohio Wheeling
87%
Cabell Huntington
80%
Berkeley Martinsburg
80%
Wood Parkersburg
80%
Raleigh Beckley
67%
Harrison Clarksburg
67%
Morgan Berkeley Springs
60%
Upshur Buckhannon
60%
Jefferson Charles Town
60%
Marion Fairmont
60%
Fayette Fayetteville
60%
Boone Madison
60%
Greenbrier Lewisburg
53%
Mason Point Pleasant
53%
Mercer Princeton
53%
Pleasants Saint Marys
53%
Roane Spencer
53%
Nicholas Summersville
53%
Wirt Elizabeth
47%
Randolph Elkins
47%
Pendleton Franklin
47%
Mineral Keyser
47%
Preston Kingwood
47%
_____ Logan
47%
Pocahontas Marlinton
47%
Marshall Moundsville
47%
Tucker Parsons
47%
Grant Petersburg
47%
Barbour Philippi
47%
Jackson Ripley
47%
Braxton Sutton
47%
_____ Wayne
47%
McDowell Welch
47%
Lewis Weston
47%
Doddridge West Union
47%
Mingo Williamson
47%
____ Clay
40%
Gilmer Glenville
40%
Taylor Grafton
40%
Lincoln Hamlin
40%
Summers Hinton
40%
Hardy Moorefield
40%
Wyoming Pineville
40%
Monroe Union
40%
Webster Webster Springs
40%
Brooke Wellsburg
40%
Putnam Winfield
40%
Calhoun Grantsville
33%
Ritchie Harrisville
33%
Hancock New Cumberland
33%
Hampshire Romney
33%
Tyler Middlebourne
27%
Wetzel New Martinsville
27%
No matching quizzes found
Score Distribution
Percent of People with Each Score
Percentile by Number Answered
Your Score History
You have not taken this quiz